| Поле | Название | Значение |
| |
Тип записи |
a |
| |
Библиографический уровень |
m |
| 001 |
Контрольный номер |
9bb0f0a5fa4d401b9856ce16b214d758 |
| 005 |
Дата корректировки |
20140602105316.5 |
| 010 |
Индекс ISBN |
__ |
| a |
ISBN |
1561-4484 |
| 101 |
Язык документа |
0_ |
| a |
Язык текста |
rus |
| 102 |
Страна публикации |
__ |
| a |
Страна публикации |
RU |
| 200 |
Заглавие и сведения об ответственности |
1_ |
| a |
Заглавие |
Земельный налог: особенности исчисления и уплаты |
| f |
Первые сведения об ответственности |
Г. В. Кузьмин |
| 210 |
Выходные данные |
1_ |
| c |
Издательство |
Бухгалтерский учет |
| a |
Место издания |
М. |
| d |
Дата издания |
2009 |
| 215 |
Физическое описание |
__ |
| a |
Объем |
102, [9] с. |
| 225 |
Серия |
2_ |
| a |
Серия |
Б-ка журн. "Бухгалтерский учет" |
| v |
Обозначение тома |
вып. 1 |
| 610 |
Ключевые слова |
0_ |
| a |
Ключевые слова |
бухгалтерский налоговый учет |
| 610 |
Ключевые слова |
0_ |
| a |
Ключевые слова |
земельный налог |
| 686 |
Индексы других классификаций |
__ |
| a |
Классификационный индекс |
65.052.9(2)261.413 |
| 2 |
Код системы |
rubbk |
| 700 |
Автор |
_1 |
| a |
Фамилия |
Кузьмин |
| b |
Имя |
Г. В. |
| g |
Полное личное имя |
Геннадий Валерьевич |
| 801 |
Источник записи |
_0 |
| a |
Страна |
RU |
| b |
Организация |
РУК |
| c |
Дата составления |
20090421 |
| g |
Правила каталогизации |
PSBO |
| 801 |
Источник записи |
_1 |
| a |
Страна |
RU |
| b |
Организация |
РУК |
| c |
Дата составления |
20090421 |
| g |
Правила каталогизации |
PSBO |
| 852 |
Данные о местонахождении |
__ |
| i |
Авторский знак |
К 89 |
| j |
Шифр хранения |
ББК 65.052 |
| 901 |
Тип документа |
__ |
| t |
Тип документа |
m |
| 938 |
Служебная информация |
__ |
| a |
Название организации |
Головной вуз |
| b |
Имя БД |
BOOK |
| c |
Название АИБС |
АИБС ИРБИС |